01039 2200313 4500001002100000005001500021035002000036007000300056008004100059040002200100082001400122100003000136245012700166300003000293500002900323650002900352650001000381850001200391041000800403264009500411336002100506337003000527338002300557546007100580084001400651090001600665700003300681990001100714INLIS00000000084908520190704090408 a0010-0719000086ta190702n g ind d aYOPDYOGbinderda04223a294.5 aI Njoman Kadjengepenulis1 aSarasamuccaya :bdengan teks bahasa sanskerta dan Jawa-Kuna terjemahan dalam bahasa Indonesia /cpenulis, I Njoman Kadjeng axii, 346 halaman ;c18 cm aTeks beraksara Jawa Kuno 4aKitab suci Sarasamuccaya 4aHindu aYOPDYOG1 aind akota terbit tidak teridentifikasi :bDharma Nusanatra,ctahun terbit tidak teridentifikasi 2rdacontentateks 2rdamediaatanpa perantara 2rdacarrieravolume aTeks dalam bahasa Indonesia dengan bahasa Sansekerta dan Jawa Kuno a294.5 SAR aL 294.5 SAR aI Njoman Kadjenggpenerjemah a4603-A